000
002640000a22000970004500
100
1
_a
Miller, Randy
245
1
0
_a
AIDS : Do Thailand's glimmers of hope spell good news for its neighbors?
300
_a
Núm 59 (1998), Páginas 1-8
773
0
_t
Together
942
_c
ANA
999
_c
57117
_d
57117